| 000 | 00441cam a2200181ua 4500 | ||
|---|---|---|---|
| 020 | _c1.50 | ||
| 041 |
_amal _h |
||
| 082 |
_a510 _bKER/GE |
||
| 100 | _aGoverment of Kerala, . | ||
| 245 |
_aGeneral mathematics / _cGoverment of Kerala. _hTextual Documents |
||
| 250 |
_a1 / _b. |
||
| 260 |
_aKerala : _bGovernment of Kerala , _c1963. |
||
| 300 | _a224 ; . | ||
| 365 | _a1.50 | ||
| 504 | _a | ||
| 942 | _cBK | ||
| 999 |
_c9443 _d9443 |
||